Japan market access post : Action program

Gardado en:
Detalles Bibliográficos
Autor Principal: Ohnishi, Natalie J.
Formato: Libro
Idioma:Undetermined
Publicado: [Tokyo] AOOJ 1987
Những chủ đề:
Các nhãn: Engadir etiqueta
Sen Etiquetas, Sexa o primeiro en etiquetar este rexistro!
Thư viện lưu trữ: Trung tâm Học liệu Trường Đại học Cần Thơ
LEADER 00491nam a2200193Ia 4500
001 CTU_79832
008 210402s9999 xx 000 0 und d
082 |a 380.1 
082 |b O.38 
100 |a Ohnishi, Natalie J. 
245 0 |a Japan market access post : 
245 0 |b Action program 
245 0 |c Natalie J.Ohnishi 
260 |a [Tokyo] 
260 |b AOOJ 
260 |c 1987 
650 |a Markets 
904 |i Trọng Hải 
980 |a Trung tâm Học liệu Trường Đại học Cần Thơ